| 000 | nam a22 a 4500 | ||
|---|---|---|---|
| 999 |
_c125125 _d125125 |
||
| 003 | BLK | ||
| 005 | 20201009091145.0 | ||
| 008 | 180409b bul|||||r ||||||| ||bul|| | ||
| 010 | _aKNG00130794000 | ||
| 040 | _aBLK | ||
| 041 |
_aBUL _cBUL |
||
| 072 | 7 |
_2bullib _aЦ _xРедки и ценни |
|
| 080 |
_aВъзпитание. Образование. Просвета. Организация на свободното време. Вж и 003;021. 3;159. 9;612;613;727 _b37 _z37 |
||
| 139 |
_aБасаричек, Стефан _bБ 27 |
||
| 245 | 1 | 0 |
_aПедагогия _bЧ. 1 - 4 _cсъстав. Стефан Басаричек; прев. на том Илия Димитров Гудев; прев. на том Тодор К. Танев. _nЧ. 2 _pДидактика |
| 257 | _aCRO | ||
| 260 |
_bХристо Г. Данов _c1886 - 1891 _aПловдив |
||
| 300 | _c20 см | ||
| 380 | _a3 | ||
| 650 | 4 |
_aПедагогика _9165929 |
|
| 650 | 4 |
_aДидактика _9153380 |
|
| 653 | _aдидактика | ||
| 653 | _aпедагогика | ||
| 659 | _aЦ | ||
| 700 | 1 |
_aБасаричек, Стефан _eсъстав. _936929 |
|
| 700 | 1 |
_aГудев, Илия Димитров _eпрев. на том _9319225 |
|
| 700 | 1 |
_aТанев, Тодор К. _eпрев. на том _9319226 |
|
| 760 | 1 |
_d1889 _h8, 128 с. _tЧ. 2 Дидактика |
|
| 852 | _aРб 886 | ||
| 856 | 4 | _qpdf | |
| 942 |
_cKNG _n0 _s1 |
||
| 944 |
_aCR _c22.05.2012 _lф / 22.05.2012 _kГеновева_Генчева |
||
| 944 |
_aED _c2020-10-09 |
||
| 999 | _d125125 | ||